00629 2200193 4500001002100000005001500021035002000036007000300056008003900059082001000098084001600108100002000124245015300144260005400297300004000351650001100391650002000402022001300422INLIS00000000000133020250521085412 a0010-0525000012ta250521 | | |  a636.2 a636.2 WAL l0 aWalter, W David1 aLinking Bovine Tuberculosis on Cattle Farms to White-Tailed Deer and Environmental Variables Using Bayesian Hierarchical Analysis /cWalter, W David aSan Francisco :bPublic Library of Science,c2014 a1-9 hlm, :bIlus ;c21 cm x 29,7 cm 4aJurnal 4aPeternakan Sapi a19326203